00401nam a2200145 i 4500001000700000003000900007005001700016007000300033008004100036100002400077245007400101260003700175300002200212852002100234103884ES-MaACL20230906183450.0t|051121s1911 fr ||||1| fre d1 aMeunier, Stanislas.12aL'évolution des théories géologiques / cpar Stanislas Meunier. aParis : bFélix Alcan, c1911. a364 p. ; c19 cm. aES-MaACLjD-2373